Country Identification Quiz - Statistics

General Stats
  • This quiz has been taken 18 times
  • The average score is 3 of 9
Answer Stats
Area Sq Km Pop Flag Colour Continent Answer % Correct
292,258 16,888,670 Red/White/Blue S America Chile
82%
11,000 2,994,667 Red/Black Europe Albania
71%
16,639 5,077,098 Red/White Europe Denmark
53%
10,452 1,924,996 Red/White/Green Asia Lebanon
41%
176,215 3,444,06 Blue,Yellow,White S America Uruguay
41%
331,212 94,669,072 Red/Yellow Asia Vietnam
29%
238,297 19,778,303 Blue,Yellow,Red Europe Romania
24%
652,230 34,656,032 Green,Red,Black,White Asia Afghanistan
6%
26,911 1,576,665 Blue/Yellow/Green Africa Gabon
0%
No matching quizzes found
Score Distribution
Percent of People with Each Score
Percentile by Number Answered
Your Score History
You have not taken this quiz